000 00574nam a2200229Ia 4500
003 OSt
005 20220912151449.0
006 a|||||r|||| 00| 0
007 ta
008 220909b |||||||| |||| 00| 0 eng d
024 _a25250
037 _cTextual
040 _aCSL
_beng
_cCSL
041 _aeng
082 _aB281, M9
100 _aSankaranarayanan G
245 0 _aBranching processes and its estimation theory
260 _aHarcourt
_c1989
300 _a599p.
_ccm.
942 _hB281, M9
_cTEXL
_2CC
999 _c69120
_d69120